3D computer graphics / (Record no. 738)
[ view plain ]
| 000 -LEADER | |
|---|---|
| fixed length control field | 01788cam a2200289 a 4500 |
| 001 - CONTROL NUMBER | |
| control field | 12037168 |
| 005 - DATE AND TIME OF LATEST TRANSACTION | |
| control field | 20210414113928.0 |
| 008 - FIXED-LENGTH DATA ELEMENTS--GENERAL INFORMATION | |
| fixed length control field | 000610s2000 enka b 001 0 eng |
| 010 ## - LIBRARY OF CONGRESS CONTROL NUMBER | |
| LC control number | 00268319 |
| 020 ## - INTERNATIONAL STANDARD BOOK NUMBER | |
| International Standard Book Number | 0201398559 |
| 040 ## - CATALOGING SOURCE | |
| Original cataloging agency | DLC |
| Transcribing agency | DLC |
| Modifying agency | DLC |
| 050 ## - LIBRARY OF CONGRESS CALL NUMBER | |
| Classification number | T385.W3778 |
| 082 00 - DEWEY DECIMAL CLASSIFICATION NUMBER | |
| Classification number | 006.6/93 |
| Edition number | 21 |
| 100 1# - MAIN ENTRY--PERSONAL NAME | |
| Personal name | Watt, Alan H., |
| Dates associated with a name | 1942- |
| 245 10 - TITLE STATEMENT | |
| Title | 3D computer graphics / |
| Statement of responsibility, etc. | Alan Watt. |
| 246 3# - VARYING FORM OF TITLE | |
| Title proper/short title | Three D computer graphics |
| 250 ## - EDITION STATEMENT | |
| Edition statement | 3rd ed. |
| 260 ## - PUBLICATION, DISTRIBUTION, ETC. | |
| Place of publication, distribution, etc. | Harlow, England ; |
| -- | Reading, Mass. : |
| Name of publisher, distributor, etc. | Addison-Wesley, |
| Date of publication, distribution, etc. | 2000. |
| 300 ## - PHYSICAL DESCRIPTION | |
| Extent | xxii, 570 p. : |
| Other physical details | ill. (some col.) ; |
| Dimensions | 25 cm. + |
| Accompanying material | 1 computer optical disc (4 3/4 in.) |
| 504 ## - BIBLIOGRAPHY, ETC. NOTE | |
| Bibliography, etc. note | Includes bibliographical references (p. 544-552) and index. |
| 505 ## - FORMATTED CONTENTS NOTE | |
| Formatted contents note | Contents: Mathematical fundamentals of computer graphics -- Representation and modelling of three-dimensional objects 1 -- Representation and modelling of three-dimensional objects 2 -- Representation and rendering -- The Graphics pipeline I:geometric operations -- The Graphics pipeline II: rendering or algorithmic process -- Simulating light-object interaction: local reflection models -- Mapping techniques -- Geometic shadows -- Global illumination -- The Radiosity method -- Ray tracing strategies -- Volume rendering -- Anti-aliansing theory and practice -- Colour and computer graphics -- Image-based rendering and photo-modelling -- Computer animation -- Comparative image study. |
| 650 #0 - SUBJECT ADDED ENTRY--TOPICAL TERM | |
| Topical term or geographic name entry element | Computer graphics. |
| 650 #0 - SUBJECT ADDED ENTRY--TOPICAL TERM | |
| Topical term or geographic name entry element | Three-dimensional display systems. |
| 906 ## - LOCAL DATA ELEMENT F, LDF (RLIN) | |
| a | 7 |
| b | cbc |
| c | origcop |
| d | 2 |
| e | ncip |
| f | 20 |
| g | y-gencatlg |
| 942 ## - ADDED ENTRY ELEMENTS (KOHA) | |
| Source of classification or shelving scheme | Library of Congress Classification |
| Koha item type | Books |
| Withdrawn status | Lost status | Source of classification or shelving scheme | Damaged status | Not for loan | Home library | Current library | Shelving location | Date acquired | Total Checkouts | Full call number | Barcode | Date last seen | Copy number | Price effective from | Koha item type |
|---|---|---|---|---|---|---|---|---|---|---|---|---|---|---|---|
| Library of Congress Classification | WISCONSIN INTERNATIONAL UNIVERSITY COLLEGE, GHANA - MAIN LIBRARY | WISCONSIN INTERNATIONAL UNIVERSITY COLLEGE, GHANA - MAIN LIBRARY | General Stacks | 20/04/2012 | T385.W3778 | 1848/12 | 20/04/2012 | 1 | 20/04/2012 | Books | |||||
| Library of Congress Classification | WISCONSIN INTERNATIONAL UNIVERSITY COLLEGE, GHANA - MAIN LIBRARY | WISCONSIN INTERNATIONAL UNIVERSITY COLLEGE, GHANA - MAIN LIBRARY | General Stacks | 20/04/2012 | T385.W37781 | 1847/12 | 20/04/2012 | 2 | 20/04/2012 | Books |
